000 00689nam a2200229 a 4500
999 _c1616
_d1616
001 1616
003 BD-JhCC
005 20200407134007.0
008 171022s2001 bg |||| ||a| 000 0 ben d
020 _a984461775
035 _a(BD-JhCC)1616
040 _aBD-JhCC
_dBD-JhCC
041 _aben
082 _a891.443
_b2001
100 _aআজাদ, আলাউদ্দিন আল
245 _aশ্রেষ্ঠ উপন্যাস /
_cআলাউদ্দিন আল আজাদ,
260 _aঢাকা :
_bগতিধারা প্রকাশনী,
_c2001
300 _a717 p. :
_c22 cm.
650 _aBengali Novel
942 _2ddc
_cBK
_02